Countries Closest to Bahamas - Statistics

General Stats
  • This quiz has been taken 73 times
  • The average score is 18 of 20
Answer Stats
Distance (mi) Answer Distance (km) % Correct
17 Cuba 27
100%
63 Haiti 101
98%
48 United States 78
98%
113 Dominican Republic 181
96%
435 Mexico 700
94%
642 Nicaragua 1,034
94%
848 Dominica 1,366
92%
696 Guatemala 1,120
92%
240 Jamaica 386
92%
613 Belize 986
90%
28 Turks and Caicos Islands (United Kingdom) 46
90%
830 El Salvador 1,336
88%
488 Honduras 786
88%
712 Saint Kitts and Nevis 1,146
88%
755 Antigua and Barbuda 1,216
86%
859 Panama 1,383
86%
677 Saint-Martin (France) 1,090
84%
611 Aruba (Netherlands) 984
78%
640 Venezuela 1,030
72%
445 Colombia 716
70%
No matching quizzes found
Score Distribution
Percent of People with Each Score
Percentile by Number Answered
Your Score History
You have not taken this quiz